00488 a2200169 450000100060000002000180000604000220002410000190004624000490006524500440011430000070015836200090016565000110017494200070018595201090019299900170030161093 a9788577526208 cAnchieta - Pituba aFarias, Airton10aA vinda da família real para o Brasillpor10aA vinda da família real para o Brasil a800 a2009 4aBrasil cBK 00104070a91.1b91.1d2023-11-21l0o981 F224v FAR VINp12985/PITr2023-11-21 18:29:13w2023-11-21yBK c61093d61093